[Event "Mitropa Cup"]
[Site "Trencin"]
[Date "2025.05.19"]
[Round "6.2"]
[White "Goroshkov, Maksym"]
[Black "Sahidi, Samir"]
[Result "1/2-1/2"]
[WhiteElo "2366"]
[BlackElo "2482"]
[PlyCount "185"]
[EventDate "2025.05.14"]
[EventType "team-tourn"]
[EventRounds "9"]
[EventCountry "SVK"]
[SourceTitle "CB22_2025"]
[SourceDate "2025.05.28"]
[SourceVersion "1"]
[SourceVersionDate "2025.05.28"]
[SourceQuality "1"]
[WhiteTeam "Slovenia"]
[BlackTeam "Slovakia"]
[WhiteTeamCountry "SLO"]
[BlackTeamCountry "SVK"]

1. e4 c5 2. Nf3 d6 3. d4 cxd4 4. Nxd4 Nf6 5. Nc3 a6 6. Bg5 e6 7. Qe2 Nbd7 8. f4 Qc7 9. 0-0-0 Be7 10. g4 h6 11. Bxf6 gxf6 12. Kb1 Nb6 13. h4 Bd7 14. Rh3 Rc8 15. Rg3 Nc4 16. Qe1 Qb6 17. Bxc4 Rxc4 18. Rgd3 Qc7 19. Re3 Kd8 20. Qe2 Kc8 21. Nf5 Bf8 22. Nxd6+ Bxd6 23. Rxd6 Qxd6 24. Qxc4+ Bc6 25. e5 Qe7 26. b4 fxe5 27. Rxe5 Kb8 28. f5 Qxh4 29. fxe6 fxe6 30. Qf4 Ka8 31. b5 Bd5 32. Nxd5 exd5 33. Qf3 Qh2 34. Rxd5 Qg1+ 35. Kb2 Qb6 36. Qb3 a5 37. Qc3 Rg8 38. Qd4 Qxd4+ 39. Rxd4 Ka7 40. a4 Rg5 41. Kb3 h5 42. gxh5 Rxh5 43. Kc4 Kb6 44. Rd6+ Kc7 45. Rd5 Rh4+ 46. Rd4 Rh5 47. c3 Kb6 48. Rd6+ Kc7 49. Rd5 Rh1 50. Rd4 Kb6 51. Rf4 Rh5 52. Kd4 Rh1 53. Kd5 Rd1+ 54. Kc4 Rd6 55. Re4 Kc7 56. Kc5 b6+ 57. Kc4 Rd7 58. Re6 Kb7 59. Rh6 Kc7 60. Rh4 Kb7 61. Rd4 Rc7+ 62. Kd3 Rh7 63. Rf4 Kc7 64. Rc4+ Kb7 65. Ke4 Rh4+ 66. Kd5 Rh5+ 67. Ke6 Rh6+ 68. Kf5 Rh5+ 69. Kg4 Re5 70. Rf4 Re3 71. Rf7+ Kb8 72. Rf3 Re4+ 73. Rf4 Re3 74. Rc4 Kb7 75. Kf5 Rh3 76. Ke4 Rg3 77. Kd5 Rd3+ 78. Ke5 Re3+ 79. Kf4 Rh3 80. Kg5 Rg3+ 81. Kh4 Rd3 82. Kg4 Re3 83. Kf4 Rh3 84. Ke5 Re3+ 85. Kd4 Rh3 86. Rc6 Rh4+ 87. Kd5 Rxa4 88. Rh6 Rg4 89. Rh7+ Kb8 90. Rh8+ Kb7 91. Rh7+ Kb8 92. Rh8+ Kb7 93. Rh7+ 1/2-1/2

[Event "SVK-chT rapid"]
[Site "Poprad"]
[Date "2025.05.04"]
[Round "6.1"]
[White "Sahidi, Samir"]
[Black "Jablonicky, Martin"]
[Result "1-0"]
[WhiteElo "2494"]
[BlackElo "2363"]
[PlyCount "99"]
[EventDate "2025.05.04"]
[EventType "team-swiss (rapid)"]
[EventRounds "7"]
[EventCountry "SVK"]
[SourceTitle "CB19_2025"]
[SourceDate "2025.05.07"]
[SourceVersion "1"]
[SourceVersionDate "2025.05.07"]
[SourceQuality "1"]

1. d4 Nf6 2. c4 g6 3. Nc3 Bg7 4. e4 d6 5. f3 0-0 6. Be3 a6 7. Qd2 c6 8. Bd3 b5 9. b3 e5 10. d5 cxd5 11. cxd5 Nh5 12. Nge2 f5 13. 0-0 Nd7 14. Rac1 Bb7 15. a4 b4 16. Nd1 Nc5 17. Bxc5 dxc5 18. Rxc5 fxe4 19. Bxe4 Qb6 20. Qe3 Bh6 21. Qf2 Nf6 22. Rc4 Qd6 23. Ne3 Qb6 24. Ng4 Qxf2+ 25. Nxf2 a5 26. Rd1 Be3 27. Ng3 Ba6 28. Rc6 Ng4 29. Ngh1 Nf6 30. Re1 Bd4 31. h3 Bb7 32. Rc2 Bxd5 33. Bxd5+ Nxd5 34. Kh2 Rac8 35. Rce2 Rc3 36. Rb1 Rfc8 37. Ne4 Rc2 38. Nhg3 Nf4 39. Rd2 Rxd2 40. Nxd2 Rc2 41. Nge4 Bc3 42. Rd1 Rb2 43. Nc4 Rxg2+ 44. Kh1 Bd4 45. Nf6+ Kg7 46. Nd5 Nxd5 47. Kxg2 Kf6 48. Rc1 Nf4+ 49. Kh2 Nd3 50. Rd1 1-0

[Event "SVK-ch rapid"]
[Site "Poprad"]
[Date "2025.05.03"]
[Round "7"]
[White "Sahidi, Samir"]
[Black "Hagara, Martin"]
[Result "1-0"]
[WhiteElo "2494"]
[BlackElo "2167"]
[PlyCount "36"]
[EventDate "2025.05.03"]
[EventType "swiss (rapid)"]
[EventRounds "7"]
[EventCountry "SVK"]
[SourceTitle "CB19_2025"]
[SourceDate "2025.05.07"]
[SourceVersion "1"]
[SourceVersionDate "2025.05.07"]
[SourceQuality "1"]

1. e4 d6 2. d4 Nd7 3. Nc3 Ngf6 4. Nf3 e5 5. Bc4 Be7 6. 0-0 0-0 7. a4 h6 8. Re1 c6 9. h3 Re8 10. Be3 Bf8 11. Ba2 Qc7 12. Qd2 b6 13. d5 c5 14. a5 Ba6 15. Nh2 Qb7 16. f3 c4 17. Nf1 g6 18. g3 h5 1-0

[Event "SVK-ch rapid"]
[Site "Poprad"]
[Date "2025.05.03"]
[Round "4"]
[White "Stevik, Patrik1"]
[Black "Sahidi, Samir"]
[Result "0-1"]
[WhiteElo "2194"]
[BlackElo "2494"]
[PlyCount "118"]
[EventDate "2025.05.03"]
[EventType "swiss (rapid)"]
[EventRounds "7"]
[EventCountry "SVK"]
[SourceTitle "CB19_2025"]
[SourceDate "2025.05.07"]
[SourceVersion "1"]
[SourceVersionDate "2025.05.07"]
[SourceQuality "1"]

1. Nf3 d5 2. g3 Nf6 3. Bg2 c6 4. 0-0 Bf5 5. d3 h6 6. c4 e6 7. Qb3 Qc8 8. Nc3 Be7 9. Bf4 0-0 10. Rac1 Na6 11. Nd4 Bg6 12. cxd5 exd5 13. a3 Re8 14. Qa2 Bc5 15. Nb3 Bb6 16. d4 Qd8 17. Rfe1 Nh5 18. Be3 Nc7 19. Na4 Ne6 20. Nbc5 Nxc5 21. Nxc5 Bxc5 22. dxc5 Be4 23. Bd4 Bxg2 24. Kxg2 Nf6 25. b4 Nd7 26. Qb2 f6 27. b5 Nf8 28. a4 Ne6 29. Rcd1 Qa5 30. Ra1 a6 31. Bc3 Qc7 32. bxc6 bxc6 33. Qb6 Reb8 34. Qxc7 Nxc7 35. e4 dxe4 36. Rxe4 Nd5 37. Ba5 Kf7 38. Rae1 Re8 39. Kf3 Rxe4 40. Rxe4 Rb8 41. Rc4 Rb3+ 42. Kg2 f5 43. h4 h5 44. Bb6 Rb4 45. Rxb4 Nxb4 46. Kf3 Nd5 47. Ke2 Ke6 48. Kd3 f4 49. Bd8 Kf5 50. Kd4 f3 51. Bg5 Kg4 52. Be3 Kh3 53. Ke4 Nxe3 54. Kxf3 Nd5 55. Ke4 Nc3+ 56. Ke5 Nxa4 57. Kd6 Kg2 58. Kxc6 Kxf2 59. Kd5 Nxc5 0-1

[Event "SVK-ch blitz"]
[Site "Poprad"]
[Date "2025.05.02"]
[Round "4"]
[White "Sahidi, Samir"]
[Black "Bango, Lukas"]
[Result "0-1"]
[WhiteElo "2488"]
[BlackElo "2289"]
[PlyCount "53"]
[EventDate "2025.05.02"]
[EventType "swiss (blitz)"]
[EventRounds "13"]
[EventCountry "SVK"]
[SourceTitle "CB19_2025"]
[SourceDate "2025.05.07"]
[SourceVersion "1"]
[SourceVersionDate "2025.05.07"]
[SourceQuality "1"]

1. e4 c5 2. Nf3 g6 3. c3 Bg7 4. d4 cxd4 5. cxd4 d5 6. exd5 Nf6 7. Nc3 Nxd5 8. Qb3 Nxc3 9. bxc3 0-0 10. Be2 Nc6 11. 0-0 b6 12. Ba3 Be6 13. Qa4 Na5 14. Rfe1 Rc8 15. Qb4 Rc7 16. Bb5 Nc4 17. Ng5 Bd5 18. Bxc4 Rxc4 19. Qxe7 Rxc3 20. Rad1 Rxa3 21. Qxa3 Qxg5 22. f3 h5 23. Kh1 h4 24. h3 Rc8 25. Re2 a5 26. Qd6 Rc1 27. Ree1 0-1

[Event "SVK-ch blitz"]
[Site "Poprad"]
[Date "2025.05.02"]
[Round "2"]
[White "Sahidi, Samir"]
[Black "Hotak, Marian"]
[Result "1-0"]
[WhiteElo "2488"]
[BlackElo "1977"]
[PlyCount "77"]
[EventDate "2025.05.02"]
[EventType "swiss (blitz)"]
[EventRounds "13"]
[EventCountry "SVK"]
[SourceTitle "CB19_2025"]
[SourceDate "2025.05.07"]
[SourceVersion "1"]
[SourceVersionDate "2025.05.07"]
[SourceQuality "1"]

1. d4 Nf6 2. c4 g6 3. Nc3 Bg7 4. e4 0-0 5. Nf3 c5 6. d5 d6 7. Bd3 Bg4 8. 0-0 Nfd7 9. h3 Bxf3 10. Qxf3 Ne5 11. Qe2 Nxd3 12. Qxd3 Nd7 13. Be3 a6 14. a4 Qb6 15. Rfb1 Qb4 16. f4 Nb6 17. Bd2 Qxc4 18. Qf3 Qd4+ 19. Be3 Qc4 20. Kh1 Nd7 21. a5 Qb3 22. Qe2 c4 23. Ra3 Qb4 24. Ra4 Qb3 25. Qxc4 Qxc4 26. Rxc4 Rfc8 27. Rb4 Rab8 28. Na4 Nc5 29. Bxc5 dxc5 30. Rc4 Bd4 31. b4 Be3 32. bxc5 Bxf4 33. Rcb4 Be3 34. c6 b6 35. axb6 e6 36. b7 Rc7 37. Rc4 exd5 38. exd5 Kf8 39. d6 1-0

[Event "SVK-ch blitz"]
[Site "Poprad"]
[Date "2025.05.02"]
[Round "6"]
[White "Sahidi, Samir"]
[Black "Hurtuk, Radovan"]
[Result "1-0"]
[WhiteElo "2488"]
[BlackElo "2061"]
[PlyCount "75"]
[EventDate "2025.05.02"]
[EventType "swiss (blitz)"]
[EventRounds "13"]
[EventCountry "SVK"]
[SourceTitle "CB19_2025"]
[SourceDate "2025.05.07"]
[SourceVersion "1"]
[SourceVersionDate "2025.05.07"]
[SourceQuality "1"]

1. d4 b6 2. e4 Bb7 3. Bd3 e6 4. Nf3 d5 5. e5 c5 6. c3 Nc6 7. 0-0 Rc8 8. a3 Nge7 9. Be3 cxd4 10. cxd4 Na5 11. Bb5+ Bc6 12. Ba6 Bb7 13. Bxb7 Nxb7 14. b4 Qd7 15. Nbd2 Nf5 16. Qe2 Be7 17. Qa6 Nd8 18. Rfc1 Rxc1+ 19. Rxc1 0-0 20. b5 Qb7 21. a4 Qd7 22. Nf1 f6 23. Ng3 Nxe3 24. fxe3 Bb4 25. exf6 gxf6 26. Nh5 Qf7 27. Nf4 Qd7 28. Qc8 Qxc8 29. Rxc8 Bd6 30. Ra8 Nb7 31. Rxa7 Bxf4 32. exf4 Na5 33. Re7 Rc8 34. Rxe6 Kf7 35. Rxb6 Rc4 36. Ra6 Rxa4 37. b6 Ra1+ 38. Kf2 1-0

[Event "SVK-ch blitz"]
[Site "Poprad"]
[Date "2025.05.02"]
[Round "10"]
[White "Sahidi, Samir"]
[Black "Krnan, Tomas"]
[Result "1-0"]
[WhiteElo "2488"]
[BlackElo "2334"]
[PlyCount "48"]
[EventDate "2025.05.02"]
[EventType "swiss (blitz)"]
[EventRounds "13"]
[EventCountry "SVK"]
[SourceTitle "CB19_2025"]
[SourceDate "2025.05.07"]
[SourceVersion "1"]
[SourceVersionDate "2025.05.07"]
[SourceQuality "1"]

1. e4 e5 2. Nf3 Nc6 3. Bb5 a6 4. Ba4 Nf6 5. d3 b5 6. Bb3 Bc5 7. 0-0 d6 8. a4 Rb8 9. axb5 axb5 10. Bg5 h6 11. Bh4 g5 12. Bg3 Bg4 13. Nbd2 Nd4 14. c3 Nxf3+ 15. Nxf3 Bb6 16. Re1 Qd7 17. d4 Qe7 18. Qd3 Bxf3 19. Qxf3 c5 20. dxe5 dxe5 21. Qf5 Nd7 22. Bd5 Qf6 23. Qxf6 Nxf6 24. Bxe5 Nxd5 1-0

[Event "EU-ch 25th"]
[Site "Eforie Nord"]
[Date "2025.03.23"]
[Round "8"]
[White "Sahidi, Samir"]
[Black "Kiolbasa, Oliwia"]
[Result "0-1"]
[WhiteElo "2500"]
[BlackElo "2360"]
[PlyCount "78"]
[EventDate "2025.03.15"]
[EventType "swiss"]
[EventRounds "11"]
[EventCountry "ROU"]
[SourceTitle "CB13_2025"]
[SourceDate "2025.03.26"]
[SourceVersion "1"]
[SourceVersionDate "2025.03.26"]
[SourceQuality "1"]

1. e4 e5 2. Nf3 Nc6 3. Bb5 a6 4. Ba4 Nf6 5. 0-0 Bc5 6. d3 b5 7. Bb3 d6 8. c3 h6 9. Re1 0-0 10. Nbd2 Bb6 11. Nf1 Ne7 12. h3 Ng6 13. Ng3 c5 14. Be3 d5 15. Bc2 Re8 16. Nh2 Ra7 17. Qf3 Nh4 18. Qe2 Rd7 19. Ng4 d4 20. cxd4 Nxg4 21. hxg4 exd4 22. Bd2 c4 23. Rac1 Ng6 24. Nf5 Bb7 25. Qf3 Ba5 26. b4 Bc7 27. dxc4 Ne5 28. Qh3 Nxc4 29. Qd3 Nxd2 30. Qxd2 d3 31. Bb3 Rxe4 32. Rxe4 Bxe4 33. Rc5 Qf6 34. g3 Bb6 35. Rc8+ Kh7 36. Qf4 Bb7 37. Rc1 d2 38. Rd1 Qc6 39. Kf1 g5 0-1

[Event "EU-ch 25th"]
[Site "Eforie Nord"]
[Date "2025.03.18"]
[Round "4"]
[White "Sahidi, Samir"]
[Black "Smolik, Jachym"]
[Result "1-0"]
[WhiteElo "2500"]
[BlackElo "2308"]
[PlyCount "66"]
[EventDate "2025.03.15"]
[EventType "swiss"]
[EventRounds "11"]
[EventCountry "ROU"]
[SourceTitle "CB13_2025"]
[SourceDate "2025.03.26"]
[SourceVersion "1"]
[SourceVersionDate "2025.03.26"]
[SourceQuality "1"]

1. d4 d5 2. c4 e6 3. Nf3 Nf6 4. g3 dxc4 5. Bg2 c6 6. 0-0 b5 7. a4 Bb7 8. b3 b4 9. bxc4 c5 10. Bb2 Be7 11. a5 0-0 12. e3 Qc7 13. Nbd2 Nbd7 14. a6 Bc6 15. Qc2 Rac8 16. Rfd1 Rfd8 17. Ne1 Bxg2 18. Nxg2 Nb8 19. Nf4 cxd4 20. exd4 Ne8 21. Qa4 Rd6 22. c5 Rxa6 23. Qxb4 Nc6 24. Qc4 Rxa1 25. Bxa1 Nf6 26. Nf3 Rd8 27. Nxe6 fxe6 28. Qxe6+ Kf8 29. Ng5 Bxc5 30. Qc4 Ne5 31. Qe2 Qd6 32. Re1 Bxd4 33. Bxd4 Nc6 1-0

[Event "SVK-chT1W 2425"]
[Site "Slovakia"]
[Date "2025.02.02"]
[Round "7.1"]
[White "Sahidi, Samir"]
[Black "Lintner, Igor"]
[Result "1-0"]
[WhiteElo "2497"]
[BlackElo "2164"]
[PlyCount "117"]
[EventDate "2024.11.16"]
[EventType "team-tourn"]
[EventRounds "11"]
[EventCountry "SVK"]
[SourceTitle "CB14_2025"]
[SourceDate "2024.11.01"]
[SourceVersion "1"]
[SourceVersionDate "2024.11.01"]
[SourceQuality "1"]
[WhiteTeam "Nitra K CERO INVEST"]
[BlackTeam "Trnava Sered"]
[WhiteTeamCountry "SVK"]
[BlackTeamCountry "SVK"]

1. d4 Nf6 2. c4 c5 3. d5 b5 4. cxb5 a6 5. bxa6 Bxa6 6. Nc3 d6 7. Nf3 g6 8. g3 Bg7 9. Bg2 0-0 10. 0-0 Nbd7 11. Qc2 Qc7 12. h3 Nb6 13. Rd1 Rfb8 14. e4 Nfd7 15. b3 c4 16. b4 Na4 17. Bd2 Bb5 18. Rdc1 Qb7 19. a3 Ra6 20. Nxb5 Qxb5 21. Bf1 Ndb6 22. Be3 Bxa1 23. Rxa1 Rc8 24. Nd4 Qd7 25. Nc6 e6 26. Bxc4 Nxc4 27. Qxc4 Raa8 28. h4 exd5 29. exd5 Re8 30. Qd4 Qf5 31. Bg5 f6 32. Bxf6 Kf7 33. Bg5 Re4 34. Qd2 Rae8 35. Nd8+ Kg8 36. Ne6 Nb6 37. Qc3 Qe5 38. Qxe5 Rxe5 39. Bf4 Re4 40. Rd1 Nxd5 41. Rxd5 R4xe6 42. a4 Rb8 43. Rd4 Ra8 44. b5 d5 45. Rb4 Re7 46. b6 Rb7 47. Bc7 Kf7 48. Kf1 Ke6 49. Ke2 Kd7 50. Rf4 Kc6 51. Kd3 Kc5 52. Kc3 h5 53. Rb4 Ra5 54. Rb5+ Rxb5 55. axb5 Kxb5 56. Kd4 Kc6 57. f3 Rxc7 58. bxc7 Kxc7 59. Kxd5 1-0

[Event "Alcorcon Diagonal-A 3rd"]
[Site "Alcorcon"]
[Date "2024.12.28"]
[Round "5"]
[White "Mirzoev, Azer"]
[Black "Sahidi, Samir"]
[Result "1/2-1/2"]
[WhiteElo "2469"]
[BlackElo "2491"]
[PlyCount "27"]
[EventDate "2024.12.26"]
[EventType "tourn"]
[EventRounds "9"]
[EventCountry "ESP"]
[EventCategory "3"]
[SourceTitle "CB01_2025"]
[SourceDate "2025.01.01"]
[SourceVersion "1"]
[SourceVersionDate "2025.01.01"]
[SourceQuality "1"]

1. d4 Nf6 2. c4 e6 3. Nf3 d5 4. g3 Bb4+ 5. Bd2 Be7 6. Bg2 c6 7. Qc2 0-0 8. 0-0 Nbd7 9. Bf4 Nh5 10. Bc1 Nhf6 11. Bf4 Nh5 12. Bc1 Nhf6 13. Bf4 Nh5 14. Bc1 1/2-1/2

[Event "Alcorcon Diagonal-A 3rd"]
[Site "Alcorcon"]
[Date "2024.12.27"]
[Round "3"]
[White "Martin Duque, Jesus"]
[Black "Sahidi, Samir"]
[Result "1/2-1/2"]
[WhiteElo "2375"]
[BlackElo "2491"]
[PlyCount "180"]
[EventDate "2024.12.26"]
[EventType "tourn"]
[EventRounds "9"]
[EventCountry "ESP"]
[EventCategory "3"]
[SourceTitle "CB01_2025"]
[SourceDate "2025.01.01"]
[SourceVersion "1"]
[SourceVersionDate "2025.01.01"]
[SourceQuality "1"]

1. Nf3 Nf6 2. c4 c5 3. Nc3 Nc6 4. g3 d5 5. d4 dxc4 6. Be3 Ng4 7. d5 Nxe3 8. fxe3 Nb8 9. Qa4+ Bd7 10. Qxc4 g6 11. Bg2 Bg7 12. 0-0 0-0 13. e4 Qa5 14. e5 Na6 15. a3 Rab8 16. Qh4 f6 17. Bh3 Bxh3 18. Qxh3 Qb6 19. d6 c4+ 20. Kh1 Qc6 21. dxe7 Rfe8 22. Rad1 fxe5 23. Nd5 h6 24. Qg4 Rbc8 25. Nh4 Nc7 26. e4 Qe6 27. Qxg6 Qxg6 28. Nxg6 Kh7 29. Nxc7 Rxc7 30. Rd6 b5 31. Rfd1 Rcc8 32. h4 a5 33. h5 b4 34. a4 Kg8 35. Kg2 c3 36. bxc3 bxc3 37. Rc1 Kf7 38. Rd3 c2 39. Rd2 Kf6 40. Rf2+ Ke6 41. Rcxc2 Bf6 42. Rxc8 Rxc8 43. Rb2 Bxe7 44. Rb5 Bd6 45. Rxa5 Rc4 46. Ra8 Rxe4 47. a5 Ra4 48. a6 Kf6 49. a7 Bc5 50. Nxe5 Rxa7 51. Ng4+ Kg7 52. Rxa7+ Bxa7 53. Kf3 Bb8 54. Nf2 Kf6 55. Ne4+ Ke5 56. Nc5 Bd6 57. Nd3+ Kf6 58. Kg4 Ba3 59. Nf2 Ke5 60. Nd1 Bc1 61. Nc3 Bd2 62. Ne2 Bb4 63. Nf4 Ba3 64. Kf3 Kf5 65. g4+ Kf6 66. Nh3 Bb4 67. Ke4 Ba3 68. Kd5 Bc1 69. Kd6 Be3 70. Kd7 Kf7 71. Kd6 Kf6 72. Kd5 Ba7 73. Ke4 Bc5 74. Kf4 Bd4 75. Kf3 Bc5 76. Nf4 Ba3 77. Nd5+ Ke5 78. Nc3 Bb2 79. Ne4 Bc1 80. Nc5 Ba3 81. Nd7+ Ke6 82. Nb6 Bc1 83. Ke4 Kf6 84. Nd7+ Kg5 85. Kf3 Bb2 86. Nf8 Kf6 87. Nh7+ Kg7 88. g5 Kxh7 89. gxh6 Kxh6 90. Kg2 Kxh5 1/2-1/2

[Event "HUN-chT 2425"]
[Site "Hungary"]
[Date "2024.12.15"]
[Round "4.2"]
[White "Sahidi, Samir"]
[Black "Nenezic, Marko"]
[Result "1-0"]
[WhiteElo "2485"]
[BlackElo "2497"]
[PlyCount "127"]
[EventDate "2024.11.02"]
[EventType "team-tourn"]
[EventRounds "9"]
[EventCountry "HUN"]
[SourceTitle "CB16_2025"]
[SourceDate "2025.04.16"]
[SourceVersion "1"]
[SourceVersionDate "2025.04.16"]
[SourceQuality "1"]
[WhiteTeam "Budapest MTK"]
[BlackTeam "Kobanya Aquarena"]
[WhiteTeamCountry "HUN"]
[BlackTeamCountry "HUN"]

1. e4 c5 2. Nf3 Nc6 3. Bb5 g6 4. 0-0 Bg7 5. Bxc6 dxc6 6. d3 b6 7. a4 a5 8. Na3 Ba6 9. Qe2 e5 10. b3 f6 11. h4 Nh6 12. Nh2 0-0 13. Nc4 Bc8 14. Bb2 b5 15. Nd2 Qd6 16. h5 Nf7 17. Bc3 Qc7 18. Qf3 Ng5 19. Qg3 Ne6 20. Rfe1 Bh6 21. Ndf1 Bf4 22. Qf3 Nd4 23. Qd1 Be6 24. Bd2 gxh5 25. Bxf4 exf4 26. Nd2 Qg7 27. Kh1 Bg4 28. f3 Bd7 29. c3 Ne6 30. b4 axb4 31. cxb4 Kh8 32. bxc5 Nxc5 33. d4 Nxa4 34. Nb3 Rg8 35. Qd2 h4 36. Rg1 Qg5 37. Nc5 Nb6 38. Rac1 Rg7 39. Nd3 Ra3 40. Rc5 Nc4 41. Qc1 Rxd3 42. Rxg5 fxg5 43. Qa1 Ra3 44. Qe1 h5 45. Qb4 Kh7 46. Qc5 Ra2 47. d5 cxd5 48. Qxd5 Rd2 49. Qc5 Re2 50. Qd4 h3 51. g3 fxg3 52. Rxg3 g4 53. Qc5 Kh6 54. fxg4 hxg4 55. Qf8 Re1+ 56. Rg1 Rxe4 57. Nf3 Kh7 58. Qf6 Re2 59. Rg3 Kg8 60. Nd4 Nd2 61. Nxe2 Ne4 62. Qd8+ Kh7 63. Re3 g3 64. Qh4+ 1-0